The civilization of the Middle Ages : a completely revised and expanded edition of Medieval history, the life and death of a civilization

Αποθηκεύτηκε σε:
Λεπτομέρειες βιβλιογραφικής εγγραφής
Κύριος συγγραφέας: Cantor, Norman F.
Μορφή: Βιβλίο
Γλώσσα:English
Δημοσίευση: New York : Harper Collins, 1993
Θέματα:
Ετικέτες: Προσθήκη ετικέτας
Δεν υπάρχουν, Καταχωρήστε ετικέτα πρώτοι!

MARC

LEADER 00000cam a2200000 i 4500
001 1/4780
008 000602s1993 eng d
020 |a 0-06-017033-6 
035 |l 10061343 
040 |a GR-MY-UA  |b gre  |e aacr 
041 0 |a eng 
082 0 |a 940.1 
100 1 |a Cantor, Norman F. 
245 1 4 |a The civilization of the Middle Ages :  |b a completely revised and expanded edition of Medieval history, the life and death of a civilization /  |c Norman F. Cantor 
260 |a New York :   |b Harper Collins,   |c 1993 
300 |a 604 p. 
504 |a Includes bibliographical references and index 
650 0 0 |a Civilization, Medieval. 
650 0 0 |a Middle Ages  |x History. 
852 |a INST  |b LESVOS  |e 20000602  |h 940.1 CAN  |p 005100024169  |q 005100024169  |t BK  |y 0 
901 |a BIBL1-2000-2 
909 |a Λ  |b 080204 
970 |a ΚΑΜΑΤΣΟΥ  |b ΔΕΣΠΟΙΝΑ  |z 2000/06/02